La réponse commençe par un A (France) - Statistiques

Statistiques générales
  • Ce quiz a été pris 118 fois
  • Le résultat moyen est 7 sur 20
Statistiques - réponses
Hint Réponse % Correct
Cette région est composée des départements du Bas-Rhin et du Haut-Rhin Alsace
89%
Cette ville de 131 272 habitants est baignée par le lac éponyme Annecy
82%
On surnomme cette ville "la cité des Papes" Avignon
79%
Elle accueille chaque année le Festival international de la bande-dessinée Angoulême
72%
Ce prénom féminin est aussi celui d'un département Aude
66%
Cette ville est considérée comme la capitale des Cévennes Alès
48%
Il est admis que le site de cette bataille historique se situe en Côte-d'Or Alésia
40%
Ce fleuve se jette dans l'Océan Atlantique à Bayonne Adour
37%
Ce sous-affluent de la Seine arrose les villes de Rethel et Soissons Aisne
31%
Cette région historique a donné son nom à une eau-de-vie Armagnac
31%
C'est la troisième plus grande île de Charente-Maritime Aix
29%
C'est une sous-préfecture de la Manche Avranches
29%
C'est la commune la plus peuplée du Val-d'Oise Argenteuil
23%
Ce prénom masculin est aussi celui d'une commune de la Somme Albert
19%
Cette île des TAAF porte le nom d'une capitale européenne Amsterdam
19%
Cette roche a donné son nom à la côte entre Dieppe et le Havre Albâtre
18%
Ce massif des Préalpes savoyardes culmine à 2 750 m Aravis
5%
Cette station de sports d'hiver est située dans l'Ariège Ax 3 Domaines
3%
Ce marais des Hauts-de-France est classé réserve de biosphère UNESCO Audomarois
2%
Ce col routier est le deuxième plus haut de France Agnel
1%
Aucun quiz correspondant
Distribution des résultats
% des personnes avec chaque résultat
Percentile par nombre de réponses
Votre historique - résultats
Vous n’avez pas pris ce quiz